Szegedi tudós külföldön
Elmentve itt :
| Dokumentumtípus: | Cikk |
|---|---|
| Megjelent: |
1975-09-13
|
| Sorozat: | Délmagyarország
65 No. 215 |
| Kulcsszavak: | tudósok látogatásai |
| Online Access: | http://dmarchiv.bibl.u-szeged.hu/118499 |
| LEADER | 00406nab a2200145 i 4500 | ||
|---|---|---|---|
| 001 | delm118499 | ||
| 005 | 20190423141531.0 | ||
| 008 | 190423s1975 hu o 0|| hun d | ||
| 040 | |a SZTE Délmagyarország Archívum |b hun | ||
| 041 | |a hun | ||
| 245 | 0 | 0 | |a Szegedi tudós külföldön |h [elektronikus dokumentum] |
| 260 | |c 1975-09-13 | ||
| 300 | |a 8 | ||
| 490 | 0 | |a Délmagyarország |v 65 No. 215 | |
| 695 | |a tudósok látogatásai | ||